| 000 | 00627nam a2200217Ia 4500 | ||
|---|---|---|---|
| 003 | GCL | ||
| 005 | 20240530095451.0 | ||
| 008 | 140319s9999 xx 000 0 ara d | ||
| 020 | _a465222977 | ||
| 040 |
_aGCL / _cGCL |
||
| 082 | 0 | 4 |
_a216.4 _bق/ب أ |
| 100 | 1 | _aجاك بيرك | |
| 245 | 1 | 0 |
_aاى اسلام / _cجاك بيرك |
| 250 | _aالاولى | ||
| 260 |
_aالقاهرة : _bدار العالم الثالث ، _c2004 |
||
| 300 |
_a70ص ؛ _c15 سم |
||
| 650 | 0 | 4 | _aالعقيدة الاسلامية |
| 650 | 0 | 4 | _aالاسلام - دفع مطاعن |
| 700 | 1 | _aبشير السباعى | |
| 942 |
_2ddc _cBK |
||
| 999 |
_c7572 _d7572 |
||